| 000 | 00651nam a2200193 a 4500 | ||
|---|---|---|---|
| 005 | 20210223121932.0 | ||
| 008 | 991125s1976 ag 000 0 spa u | ||
| 035 | _aUPN01000026469 | ||
| 049 | _aCG | ||
| 050 | 4 |
_aQA3 _bG7.28 |
|
| 245 | 0 | 4 |
_aLas grandes corrientes del pensamiento matemático / _cF. Le Lionnais... [et al.] ; tr. Néstor Míguez. |
| 260 |
_aBuenos Aires : _bEUDEBA, _c1976. |
||
| 300 |
_a567 p. : _bil. |
||
| 534 |
_pTraducción de: _tLes grands courants de la pensée mathématique |
||
| 650 | 4 |
_aMATEMATICAS - _vCOLECCIONES |
|
| 650 | 4 |
_aMATEMATICAS - _xHISTORIA _916762 |
|
| 700 | 1 |
_aLe Lionnais, Francois, _ecoaut. |
|
| 905 | _aLibro | ||
| 999 |
_c26469 _d26469 |
||